00669nam a2200205Ia 4500008004000000020001500040041000800055082001500063100002100078245002600099260006700125300001500192650001200207650001800219690001200237700001800249906001100267999001900278952016600297210210b2008 xxu||||| |||| 00| 0 eng d a8122422217 aeng a574.5 KAUE aKAUSHIK (Anubha) aEnvironmental studies aNew DelhibNew Age International (P) Limited Publishersc2008 axviii--309 astudies aEnvironmental aEcology aKAUSHIK (C P) a063311 c135787d135787 001040708Ecology and EnvironmentaALbALcBiologyd2021-02-17eKnowledge Worldg150.00l1o574.5 KAUEp063311r2024-02-27 00:00:00s2024-02-16w2021-02-17yBK